<?xml version="1.0" encoding="UTF-8"?><?xml-stylesheet type="text/xsl" href="static/style.xsl"?><OAI-PMH xmlns="http://www.openarchives.org/OAI/2.0/" xmlns:xsi="http://www.w3.org/2001/XMLSchema-instance" xsi:schemaLocation="http://www.openarchives.org/OAI/2.0/ http://www.openarchives.org/OAI/2.0/OAI-PMH.xsd"><responseDate>2026-04-18T02:27:40Z</responseDate><request verb="GetRecord" identifier="oai:riubu.ubu.es:10259/7520" metadataPrefix="marc">https://riubu.ubu.es/oai/request</request><GetRecord><record><header><identifier>oai:riubu.ubu.es:10259/7520</identifier><datestamp>2023-03-10T23:00:45Z</datestamp><setSpec>com_10259_2699</setSpec><setSpec>col_10259_2705</setSpec></header><metadata><record xmlns="http://www.loc.gov/MARC21/slim" xmlns:doc="http://www.lyncode.com/xoai" xmlns:xsi="http://www.w3.org/2001/XMLSchema-instance" xmlns:dcterms="http://purl.org/dc/terms/" xsi:schemaLocation="http://www.loc.gov/MARC21/slim http://www.loc.gov/standards/marcxml/schema/MARC21slim.xsd">
<leader>00925njm 22002777a 4500</leader>
<datafield tag="042" ind1=" " ind2=" ">
<subfield code="a">dc</subfield>
</datafield>
<datafield tag="720" ind1=" " ind2=" ">
<subfield code="a">Martínez García, Kim</subfield>
<subfield code="e">author</subfield>
</datafield>
<datafield tag="260" ind1=" " ind2=" ">
<subfield code="c">2022</subfield>
</datafield>
<datafield tag="520" ind1=" " ind2=" ">
<subfield code="a">Esta tesis diseña y desarrolla un videojuego en realidad virtual para concienciar sobre la depresión a niñas y niños de entre 8 y 12 años. Se realiza una revisión bibliográfica de videojuegos de aplicación psicológica y de teorías de diseño para guiar este trabajo. Este análisis identifica los pilares, que son la narrativa, la jugabilidad y el aprendizaje, así como las necesidades de sus elementos para crear una experiencia divertida y educativa. El videojuego 3DC se produce desarrollando los modelos 3D y animaciones en Blender para después implementarlos y programar sus interacciones en Unreal. Por último, se realiza una validación del diseño y desarrollo con 21 participantes de 7 a 12 años, con los que se detecta un cambio en la percepción a partir de los 11 años. Los resultados obtenidos son positivos y permiten proponer mejoras para su futura implementación y validación del aprendizaje en un colegio.</subfield>
</datafield>
<datafield tag="520" ind1=" " ind2=" ">
<subfield code="a">This thesis designs and develops a virtual reality serious game to raise awareness about depression among children between 8 and 12 years old. A bibliographic review of serious games with psychological applications and design theories is carried out to guide this work. This analysis identifies the pillars, which are narrative, playability and learning, as well as the needs of its elements to create a fun and educational experience. The 3DC video game is produced by developing the 3D models and animations in Blender and then implementing them and programming their interactions in Unreal. Finally, a validation of the design and development is performed with 21 participants from 7 to 12 years old, with whom a change in perception is detected from the age of 11. The results obtained are positive and allow to propose improvements for its future implementation and validation of learning in a school.</subfield>
</datafield>
<datafield tag="024" ind2=" " ind1="8">
<subfield code="a">http://hdl.handle.net/10259/7520</subfield>
</datafield>
<datafield tag="024" ind2=" " ind1="8">
<subfield code="a">10.36443/10259/7520</subfield>
</datafield>
<datafield ind1=" " ind2=" " tag="653">
<subfield code="a">Videojuego educativo</subfield>
</datafield>
<datafield ind1=" " ind2=" " tag="653">
<subfield code="a">Depresión</subfield>
</datafield>
<datafield ind1=" " ind2=" " tag="653">
<subfield code="a">Infancia</subfield>
</datafield>
<datafield ind1=" " ind2=" " tag="653">
<subfield code="a">Concienciación</subfield>
</datafield>
<datafield ind1=" " ind2=" " tag="653">
<subfield code="a">Ddiseño de videojuegos</subfield>
</datafield>
<datafield ind1=" " ind2=" " tag="653">
<subfield code="a">Serious games</subfield>
</datafield>
<datafield ind1=" " ind2=" " tag="653">
<subfield code="a">Depression</subfield>
</datafield>
<datafield ind1=" " ind2=" " tag="653">
<subfield code="a">Childhood</subfield>
</datafield>
<datafield ind1=" " ind2=" " tag="653">
<subfield code="a">Awareness</subfield>
</datafield>
<datafield ind1=" " ind2=" " tag="653">
<subfield code="a">Serious game design</subfield>
</datafield>
<datafield tag="245" ind1="0" ind2="0">
<subfield code="a">El juego como estrategia de intervención educativa ante los trastornos depresivos en la infancia: diseño, desarrollo y ejecución de un videojuego en realidad virtual</subfield>
</datafield>
</record></metadata></record></GetRecord></OAI-PMH>